[Event "Guimaraes op"]
[Site "Guimaraes"]
[Date "2021.08.24"]
[Round "1"]
[White "Torralbas Guma, Guillem"]
[Black "Iruzubieta Villaluenga, Jesus Maria"]
[Result "0-1"]
[WhiteElo "1734"]
[BlackElo "2441"]
[PlyCount "38"]
[EventDate "2021.08.24"]
[EventType "swiss"]
[EventRounds "9"]
[EventCountry "POR"]
[SourceTitle "CBM 204 Extra"]
[Source "ChessBase"]
[SourceDate "2021.11.30"]
[SourceVersion "1"]
[SourceVersionDate "2021.11.30"]
[SourceQuality "1"]

1. g3 e5 2. Bg2 Nc6 3. d3 f5 4. a3 Nf6 5. b4 g6 6. Bb2 d6 7. Nd2 Bg7 8. e4 0-0 9. Ne2 Be6 10. f4 Ng4 11. Nf1 fxe4 12. Bxe4 Qd7 13. Qd2 exf4 14. Bxg7 Qxg7 15. Qc3 Qxc3+ 16. Nxc3 Nd4 17. Kd2 Nf2 18. Rg1 Nxe4+ 19. Nxe4 Nf3+ 0-1

[Event "Igualada op 14th"]
[Site "Igualada"]
[Date "2019.02.09"]
[Round "5"]
[White "Torralbas Guma, Guillem"]
[Black "Arcas Rodriguez, Jordi"]
[Result "1-0"]
[WhiteElo "1668"]
[BlackElo "1602"]
[PlyCount "69"]
[EventDate "2019.01.12"]
[EventType "swiss"]
[EventRounds "8"]
[EventCountry "ESP"]
[SourceTitle "CBM 189 Extra"]
[Source "ChessBase"]
[SourceDate "2019.06.03"]
[SourceVersion "1"]
[SourceVersionDate "2019.06.03"]
[SourceQuality "1"]

1. c4 e6 2. Nf3 Nf6 3. g3 d5 4. Bg2 Nbd7 5. b3 Be7 6. 0-0 0-0 7. Bb2 Rb8 8. Nc3 a6 9. e3 c5 10. cxd5 exd5 11. Qc2 h6 12. Nh4 Nb6 13. Nf5 Bxf5 14. Qxf5 Qd6 15. Ne2 Qe6 16. Qxe6 fxe6 17. Nf4 Bd6 18. Nxe6 Rfe8 19. Bxf6 gxf6 20. Nf4 Bxf4 21. gxf4 Kf7 22. Rac1 Rbc8 23. d3 Ke7 24. Kh1 Kd6 25. Rg1 c4 26. dxc4 dxc4 27. Bxb7 Rc7 28. Bxa6 Ra7 29. Bb5 Re6 30. bxc4 Kc5 31. Rc2 Nc8 32. Rg6 Nd6 33. Rxh6 Nxb5 34. cxb5+ Kxb5 35. Kg2 1-0

[Event "Igualada op 14th"]
[Site "Igualada"]
[Date "2019.01.19"]
[Round "2"]
[White "Pla Carulla, Joaquim"]
[Black "Torralbas Guma, Guillem"]
[Result "1/2-1/2"]
[WhiteElo "1843"]
[BlackElo "1668"]
[PlyCount "51"]
[EventDate "2019.01.12"]
[EventType "swiss"]
[EventRounds "8"]
[EventCountry "ESP"]
[SourceTitle "CBM 189 Extra"]
[Source "ChessBase"]
[SourceDate "2019.06.03"]
[SourceVersion "1"]
[SourceVersionDate "2019.06.03"]
[SourceQuality "1"]

1. c4 e5 2. Nc3 Nf6 3. g3 c6 4. Bg2 d5 5. cxd5 Nxd5 6. Nf3 Nxc3 7. bxc3 Qc7 8. 0-0 Be7 9. d4 Nd7 10. Qc2 0-0 11. h4 exd4 12. cxd4 Nf6 13. Bf4 Bd6 14. Ng5 g6 15. e3 Bxf4 16. gxf4 Bg4 17. Ne4 Qe7 18. Nc5 Nd5 19. Rab1 b6 20. Na4 Rac8 21. Qb3 Qxh4 22. Rfc1 Be6 23. Qd1 Bh3 24. Qf3 Bxg2 25. Kxg2 Qf6 26. Rh1 1/2-1/2